000 00405nam a2200169Ia 4500
001 5924
003 IN-NITTTR
005 20251114233014.0
008 251113s9999||||xx |||||||||||||| ||eng||
040 _beng
040 _cIN-NITTTR
041 _aeng
082 _a371.308 Y35S
245 0 _aSocial interaction in educational settings /
_cYee,Albert H., ed.
700 _aYee, Albert H.
942 _2ddc
_cBK
999 _c8562
_d8562